00418nam a2200145Ia 4500008004100000041000900041082001500050100001800065245003100083260003300114300000800147650000800155999001700163952009200180230718s9999 xx 000 0 und d aEng. a630bKEL-H aKelly, Migel  0aHistery and culture of Pit aPakistanbCom ba bgentc2004 a160 aLaw c26470d26470 00104070aSIRC-LbSIRC-Ld2023-07-18l0o630 KEL-Hp21422r2023-07-18w2023-07-18yBK